[Event "BL 8081 Frankfurt-Zähringen"]
[Site "?"]
[Date "1980.??.??"]
[Round "?.1"]
[White "Soos, B."]
[Black "Herbrechtsmeier, C."]
[Result "1/2-1/2"]
[WhiteElo "2420"]
[BlackElo "2350"]
[PlyCount "89"]
[EventDate "1980.??.??"]

1. c4 e5 2. Nc3 Nc6 3. g3 g6 4. Bg2 Bg7 5. e3 d6 6. Nge2 Be6 7. Nd5 Qd7 8. Qa4
Rc8 9. h4 h5 10. Nec3 a6 11. d3 Bf5 12. Ne4 Nce7 13. Qb3 Nxd5 14. cxd5 Qb5 15.
Qxb5+ axb5 16. Bd2 Ne7 17. Rc1 O-O 18. O-O Rfd8 19. Rfe1 Nxd5 20. Ng5 Be6 21.
d4 c6 22. Nxe6 fxe6 23. e4 Nc7 24. dxe5 Bxe5 25. Rc2 Ra8 26. a3 Bd4 27. Bh3 Re8
28. Kg2 e5 29. f4 exf4 30. gxf4 Ne6 31. f5 gxf5 32. Bxf5 Be5 33. Be3 Kh8 34.
Kh1 Nd4 35. Bxd4 Bxd4 36. Rg2 Rg8 37. Ree2 Rxg2 38. Rxg2 Rg8 39. Rxg8+ Kxg8 40.
b3 Bb2 41. Bc8 Bxa3 42. Bxb7 c5 43. Bc6 b4 44. Kg2 Bb2 45. Be8 1/2-1/2

[Event "BL 8081 Frankfurt-Zähringen"]
[Site "?"]
[Date "1980.??.??"]
[Round "?.6"]
[White "Kiefer, G."]
[Black "Haakert, J."]
[Result "0-1"]
[WhiteElo "2240"]
[BlackElo "2205"]
[PlyCount "86"]
[EventDate "1980.??.??"]

1. e4 Nf6 2. e5 Nd5 3. d4 d6 4. Nf3 Nc6 5. c4 Nb6 6. e6 fxe6 7. Nc3 g6 8. Bf4
Bg7 9. Qd2 Nxd4 10. Nxd4 e5 11. Bh6 Bxh6 12. Qxh6 exd4 13. Qg7 Rf8 14. Qxd4 e5
15. Qe3 Bd7 16. Be2 Qh4 17. O-O Nxc4 18. Qd3 Nb6 19. Bf3 Qc4 20. Qe3 O-O-O 21.
Rac1 Qf4 22. Qe2 Kb8 23. Rfd1 Be6 24. Re1 Bc4 25. Qc2 c6 26. a4 Qf7 27. a5 Bb3
28. Qe4 Bd5 29. Nxd5 cxd5 30. Qb4 Nc4 31. Bxd5 Qxd5 32. Rxc4 a6 33. Rc2 Rf4 34.
Qc3 Qf7 35. Rec1 Rd4 36. f3 d5 37. Qe3 Qf5 38. Rc7 Rb4 39. Re7 d4 40. Qa3 Rb5
41. Qd6+ Rxd6 42. Re8+ Ka7 43. Rcc8 Qxc8 0-1

[Event "BL 8081 Hofheim-Mainz"]
[Site "?"]
[Date "1980.??.??"]
[Round "?.2"]
[White "Werner, D."]
[Black "Huisl, W."]
[Result "1/2-1/2"]
[WhiteElo "2345"]
[BlackElo "2350"]
[PlyCount "30"]
[EventDate "1980.??.??"]

1. e4 e5 2. Nf3 Nc6 3. Bb5 Nf6 4. O-O Nxe4 5. d4 Nd6 6. Bxc6 dxc6 7. dxe5 Nf5
8. Qxd8+ Kxd8 9. Nc3 h6 10. b3 Be6 11. Bb2 Kc8 12. Ne2 Bd5 13. Ned4 Nxd4 14.
Nxd4 c5 15. Ne2 Be6 1/2-1/2

[Event "BL 8081 Bamberg-Markth'feld"]
[Site "?"]
[Date "1980.??.??"]
[Round "?.1"]
[White "Pfleger, He"]
[Black "Goehring, K."]
[Result "1-0"]
[WhiteElo "2505"]
[BlackElo "2285"]
[PlyCount "71"]
[EventDate "1980.??.??"]

1. d4 Nf6 2. c4 e6 3. Nf3 d5 4. Nc3 Be7 5. Bg5 O-O 6. e3 Nbd7 7. Rc1 c6 8. Bd3
dxc4 9. Bxc4 Nd5 10. Bxe7 Qxe7 11. O-O Nxc3 12. Rxc3 e5 13. Qc2 exd4 14. Nxd4
Nf6 15. a3 c5 16. Ne2 b6 17. Ng3 Bb7 18. Rd1 Rad8 19. Rcd3 g6 20. Qd2 Ne4 21.
Nxe4 Qxe4 22. f3 Rxd3 23. Qxd3 Qxd3 24. Rxd3 Bc6 25. e4 Rc8 26. Rd6 Kf8 27. Kf2
Ke7 28. e5 h5 29. Ke3 Be8 30. Ke4 Bc6+ 31. Bd5 Bb5 32. Rf6 Be8 33. g4 hxg4 34.
fxg4 g5 35. a4 Rc7 36. b3 1-0

[Event "BL 8081 Bamberg-Markth'feld"]
[Site "?"]
[Date "1980.??.??"]
[Round "?.2"]
[White "Meinberger, L."]
[Black "Podzielny, K."]
[Result "0-1"]
[WhiteElo "2230"]
[BlackElo "2385"]
[PlyCount "68"]
[EventDate "1980.??.??"]

1. d4 Nf6 2. c4 g6 3. Nc3 Bg7 4. e4 d6 5. Be2 O-O 6. Bg5 c5 7. d5 h6 8. Be3 e6
9. Qd2 exd5 10. exd5 Kh7 11. h3 Re8 12. Bd3 b5 13. cxb5 Nbd7 14. Nge2 Ne5 15.
Bf4 Nxd3+ 16. Qxd3 Bf5 17. Qd2 a6 18. bxa6 Ne4 19. Nxe4 Rxe4 20. Be3 Rb4 21.
Nc3 Qb6 22. O-O Qxa6 23. a4 Rab8 24. Ra2 Bd3 25. Rc1 Bc4 26. Ra3 Rxb2 27. Qd1
Re8 28. Qf3 Qb7 29. Qf4 Qb4 30. Ne4 Bxd5 31. Nxd6 Re6 32. Rd3 Qxf4 33. Bxf4 Bd4
34. Nc4 Rxf2 0-1

[Event "BL 8081 Bayern-Erlangen"]
[Site "?"]
[Date "1980.??.??"]
[Round "?.1"]
[White "Westermeier, A."]
[Black "Feustel, B."]
[Result "1/2-1/2"]
[WhiteElo "2305"]
[BlackElo "2355"]
[PlyCount "23"]
[EventDate "1980.??.??"]

1. e4 g6 2. d4 Bg7 3. Nc3 d6 4. Be3 Nf6 5. f3 O-O 6. Qd2 e5 7. d5 Nbd7 8. Nh3
Nb6 9. Nf2 c6 10. O-O-O cxd5 11. exd5 Bd7 12. g4 1/2-1/2

[Event "BL 8081 Bayern-Erlangen"]
[Site "?"]
[Date "1980.??.??"]
[Round "?.2"]
[White "Heidrich, M."]
[Black "Saacke, B."]
[Result "1/2-1/2"]
[WhiteElo "2230"]
[BlackElo "2355"]
[PlyCount "103"]
[EventDate "1980.??.??"]

1. e4 e6 2. d4 d5 3. Nc3 Bb4 4. e5 Ne7 5. Bd2 c5 6. a3 Bxc3 7. Bxc3 b6 8. Bb5+
Bd7 9. Bd3 Nbc6 10. Nf3 cxd4 11. Bxd4 Nxd4 12. Nxd4 Ng6 13. Qg4 f5 14. Qg3 O-O
15. f4 Rc8 16. O-O Qe7 17. Qe3 Rc7 18. Kh1 Qc5 19. Rae1 Ne7 20. c3 b5 21. Qh3
g6 22. Qh6 Qb6 23. h3 Rf7 24. g4 Rg7 25. Rg1 Be8 26. gxf5 Nxf5 27. Bxf5 exf5
28. Rg2 Rce7 29. h4 Qb7 30. e6 a5 31. h5 b4 32. Qg5 gxh5 33. Qf6 Rxg2 34. Kxg2
Bg6 35. Kh2 Qc7 36. Qe5 Qxe5 37. Rxe5 bxc3 38. bxc3 Rc7 39. e7 Rxc3 40. e8=Q+
Bxe8 41. Rxe8+ Kf7 42. Re5 Rxa3 43. Rxf5+ Kg6 44. Rg5+ Kf6 45. Rf5+ Kg6 46.
Rg5+ Kf6 47. Rxd5 Rd3 48. Rf5+ Kg6 49. Rg5+ Kf6 50. Rd5 a4 51. Rd6+ Kf7 52. Rd5
1/2-1/2

[Event "BL 8081 Bayern-Erlangen"]
[Site "?"]
[Date "1980.??.??"]
[Round "?.5"]
[White "Schubert, C."]
[Black "Stoll, J."]
[Result "1-0"]
[WhiteElo "2245"]
[BlackElo "2245"]
[PlyCount "83"]
[EventDate "1980.??.??"]

1. e4 c6 2. d4 d5 3. exd5 cxd5 4. c4 Nf6 5. Nc3 e6 6. c5 Be7 7. b4 O-O 8. Nf3
Ne4 9. Qc2 f5 10. Bd3 Bf6 11. Ne2 g5 12. Rb1 Bd7 13. O-O Be8 14. Ne5 Bxe5 15.
dxe5 Nc6 16. Qb2 Qc7 17. Nd4 Qxe5 18. Nxc6 Qxb2 19. Ne7+ Kf7 20. Rxb2 Kxe7 21.
f3 Nf6 22. Bxg5 a6 23. Re1 Kf7 24. Rbe2 Bb5 25. Bxb5 axb5 26. Bxf6 Kxf6 27.
Rxe6+ Kg7 28. Rb6 Rf7 29. Re2 Ra6 30. Rxa6 bxa6 31. Re5 Rd7 32. Rxf5 d4 33. Kf2
d3 34. Ke1 Rd4 35. Rg5+ Kf6 36. Rg4 Rc4 37. Kd2 Rc2+ 38. Kxd3 Rxa2 39. Kc3 h5
40. Rg8 Ra3+ 41. Kb2 Re3 42. h4 {ZÜ} 1-0

[Event "BL 8081 Markth'feld-Bayern"]
[Site "?"]
[Date "1980.??.??"]
[Round "?.1"]
[White "Goehring, K."]
[Black "Westermeier, A."]
[Result "1/2-1/2"]
[WhiteElo "2285"]
[BlackElo "2305"]
[PlyCount "23"]
[EventDate "1980.??.??"]

1. d4 Nf6 2. c4 e6 3. Nc3 d5 4. Nf3 Be7 5. Bg5 Nbd7 6. e3 O-O 7. Rc1 c6 8. Bd3
a6 9. c5 h6 10. Bf4 b6 11. cxb6 Qxb6 12. Na4 1/2-1/2

[Event "BL 8081 Markth'feld-Bayern"]
[Site "?"]
[Date "1980.??.??"]
[Round "?.2"]
[White "Saacke, B."]
[Black "Meinberger, L."]
[Result "1-0"]
[WhiteElo "2355"]
[BlackElo "2230"]
[PlyCount "115"]
[EventDate "1980.??.??"]

1. d4 c5 2. d5 d6 3. c4 Nf6 4. Nc3 e6 5. e4 exd5 6. cxd5 g6 7. Bf4 a6 8. a4 Bg7
9. Be2 O-O 10. Nf3 Ne8 11. O-O Nd7 12. Bg5 f6 13. Be3 Ne5 14. Nxe5 fxe5 15. Qd2
Bd7 16. Rfb1 a5 17. Rf1 Nc7 18. Qd1 Rb8 19. Qb3 b6 20. Nb5 Nxb5 21. Bxb5 Bxb5
22. Qxb5 Qe8 23. Qxe8 Rfxe8 24. Bd2 Bf6 25. Ra3 b5 26. axb5 Rxb5 27. Bc3 Bd8
28. Ra4 Re7 29. Rfa1 Reb7 30. Kf1 Kf7 31. Ke2 Ke8 32. Kd3 h5 33. Kc4 R5b6 34.
R4a2 Ra6 35. Rf1 Rf7 36. f3 h4 37. Ra3 Rb6 38. Rb3 Rxb3 39. Kxb3 g5 40. h3 Rb7+
41. Kc4 Rb6 42. Ra1 Ra6 43. Ra3 Kd7 44. Rb3 Kc8 45. Kb5 Rb6+ 46. Ka4 Rxb3 47.
Kxb3 Kb7 48. Ka4 Ka6 49. b3 Bb6 50. Be1 Bc7 51. g3 hxg3 52. Bxg3 Bd8 53. Be1
Bc7 54. h4 gxh4 55. Bxh4 Kb6 56. Bg5 Ka6 57. f4 exf4 58. Bxf4 1-0

[Event "BL 8081 Erlangen-Bamberg"]
[Site "?"]
[Date "1980.??.??"]
[Round "?.1"]
[White "Feustel, B."]
[Black "Pfleger, He"]
[Result "1/2-1/2"]
[WhiteElo "2355"]
[BlackElo "2505"]
[PlyCount "113"]
[EventDate "1980.??.??"]

1. Nf3 d5 2. c4 e6 3. b3 Nf6 4. g3 Be7 5. Bg2 O-O 6. O-O c5 7. d3 Nc6 8. Na3 d4
9. Nc2 e5 10. a3 Re8 11. Bd2 a5 12. Rb1 e4 13. Ng5 exd3 14. exd3 Ng4 15. Nh3
Nge5 16. Nf4 Bg4 17. f3 Bf5 18. Ne1 Bd6 19. Bc1 Ng6 20. Nd5 Nge7 21. f4 Nxd5
22. Bxd5 Qd7 23. Rb2 Bg4 24. Bf3 h5 25. Ng2 Re7 26. Rbf2 Rae8 27. Nh4 Bc7 28.
Bd2 Bd8 29. Ng2 Qf5 30. Bc1 Re6 31. Kh1 Bf6 32. Kg1 R6e7 33. Kh1 g6 34. Kg1 Nd8
35. Kh1 Ne6 36. Re1 Bxf3 37. Qxf3 Ng7 38. Rxe7 Rxe7 39. Re2 Rxe2 40. Qxe2 Qh3
41. Bd2 Nf5 42. Kg1 b6 43. b4 axb4 44. axb4 Kg7 45. bxc5 bxc5 46. Ne1 Nh6 47.
Qg2 Qc8 48. Nf3 h4 49. Ng5 hxg3 50. Qxg3 Nf5 51. Qh3 Bxg5 52. fxg5 Qe8 53. Qf3
Qe5 54. Ba5 Qb8 55. Bd2 Qe5 56. Ba5 Qe7 57. Bd2 1/2-1/2

[Event "BL 8081 Erlangen-Bamberg"]
[Site "?"]
[Date "1980.??.??"]
[Round "?.5"]
[White "Stoll, J."]
[Black "Hartmann, Wo"]
[Result "0-1"]
[WhiteElo "2245"]
[BlackElo "2240"]
[PlyCount "72"]
[EventDate "1980.??.??"]

1. d4 Nf6 2. Nf3 b6 3. g3 Bb7 4. Bg2 e6 5. O-O Be7 6. c4 O-O 7. Nc3 Ne4 8. Qc2
Nxc3 9. Qxc3 f5 10. Rd1 d6 11. Ne1 Bxg2 12. Nxg2 Kh8 13. Qf3 Na6 14. b3 Bf6 15.
Bb2 Nc5 16. dxc5 Bxb2 17. Rab1 Be5 18. cxd6 Bxd6 19. Nf4 Qe8 20. Qe3 e5 21. Nd5
Qg6 22. Kh1 Rae8 23. Qd3 Re6 24. b4 c6 25. Nc3 e4 26. Qd2 f4 27. c5 Be5 28. g4
f3 29. Rg1 Qh6 30. Qxh6 Rxh6 31. Rgc1 Rxh2+ 32. Kg1 Rg2+ 33. Kf1 Bh2 34. exf3
exf3 35. Ke1 Rd8 36. Ne2 Re8 0-1

[Event "BL 8081 Frankfurt-Bamberg"]
[Site "?"]
[Date "1980.??.??"]
[Round "?.1"]
[White "Soos, B."]
[Black "Podzielny, K."]
[Result "0-1"]
[WhiteElo "2420"]
[BlackElo "2385"]
[PlyCount "92"]
[EventDate "1980.??.??"]

1. d4 Nf6 2. Nf3 g6 3. Bg5 Ne4 4. Bh4 c5 5. Nbd2 d5 6. c3 Bg7 7. e3 Nc6 8. Nxe4
dxe4 9. Nd2 cxd4 10. exd4 O-O 11. Nxe4 Qd5 12. Qf3 Qa5 13. Nd2 Be6 14. Bc4 Nxd4
15. cxd4 Bxc4 16. Qc3 Qxc3 17. bxc3 Ba6 18. Ne4 Rac8 19. Kd2 f5 20. Nc5 Bh6+
21. f4 Bxf4+ 22. Kc2 Bc4 23. Bxe7 Rf7 24. Rhe1 Bxh2 25. Nxb7 Bg3 26. Nd6 Rxe7
27. Rxe7 Bxd6 28. Rxa7 Bd5 29. Rd7 Be4+ 30. Kb3 Rb8+ 31. Kc4 Ba3 32. Rh1 h5 33.
d5 Rc8+ 34. Kb3 Bc5 35. Re1 h4 36. Re2 g5 37. a4 g4 38. a5 g3 39. a6 h3 40.
gxh3 g2 41. Rxg2+ Bxg2 42. c4 f4 43. a7 f3 44. Rc7 Ra8 45. Rxc5 f2 46. Rb5 Rxa7
0-1

[Event "BL 8081 Frankfurt-Bamberg"]
[Site "?"]
[Date "1980.??.??"]
[Round "?.3"]
[White "Staller, P."]
[Black "Treppner, G."]
[Result "1-0"]
[WhiteElo "2355"]
[BlackElo "2280"]
[PlyCount "101"]
[EventDate "1980.??.??"]

1. g3 g6 2. Bg2 Bg7 3. d4 d6 4. e4 Nf6 5. Ne2 O-O 6. O-O e5 7. Nbc3 Nbd7 8. h3
exd4 9. Nxd4 Re8 10. Re1 Nc5 11. Nb3 Nfd7 12. Nxc5 Nxc5 13. Be3 Be6 14. Qd2 Nd7
15. f4 Nb6 16. b3 Qc8 17. Kh2 c6 18. Bd4 Qc7 19. Bxg7 Kxg7 20. f5 Bd7 21. Rad1
f6 22. fxg6 hxg6 23. Qxd6 Qxd6 24. Rxd6 Re5 25. Na4 Be6 26. Nb2 Re8 27. Rdd1
Bc8 28. a4 Rh5 29. Nd3 Nd7 30. Bf3 Ra5 31. Bg4 Nb6 32. Bxc8 Rxc8 33. e5 fxe5
34. Nxe5 Re8 35. Nd3 Rxe1 36. Rxe1 Kf6 37. g4 Rd5 38. Re3 g5 39. c4 Rd4 40. Nc5
Nd7 41. Nxb7 Ne5 42. Nc5 a5 43. Ne4+ Kg6 44. Kg3 Kh6 45. Nxg5 Nxg4 46. Nf7+ Kg7
47. hxg4 Kxf7 48. Kh4 Kf6 49. Kh5 Rd1 50. Rf3+ Ke5 51. g5 1-0

[Event "BL 8081 Frankfurt-Bamberg"]
[Site "?"]
[Date "1980.??.??"]
[Round "?.4"]
[White "Hartmann, Wo"]
[Black "Fahnenschmidt, G."]
[Result "1-0"]
[WhiteElo "2240"]
[BlackElo "2360"]
[PlyCount "77"]
[EventDate "1980.??.??"]

1. e4 c5 2. Nf3 e6 3. d4 cxd4 4. Nxd4 Nf6 5. Nc3 d6 6. Be3 Be7 7. f3 O-O 8. Nb3
a6 9. Qd2 b5 10. g4 Nc6 11. O-O-O Ne5 12. Qg2 b4 13. Na4 Bb7 14. g5 Nfd7 15. f4
Ng6 16. Nd4 Qa5 17. b3 Nc5 18. Bd3 Rfc8 19. Kb1 Nxa4 20. bxa4 Qxa4 21. h4 e5
22. Nf5 Qe8 23. h5 Nf8 24. Bc1 Rc5 25. Bb2 Bc8 26. Qh2 Ra7 27. fxe5 Bxf5 28.
exf5 dxe5 29. f6 gxf6 30. gxf6 Bxf6 31. Qf2 Qe7 32. Rdf1 Rc6 33. Be4 Rd6 34.
Qg2+ Kh8 35. Rhg1 Ng6 36. hxg6 fxg6 37. Bxg6 hxg6 38. Qxg6 Qh7 39. Qe8+ 1-0

[Event "BL 8081 Hofheim-Bayern"]
[Site "?"]
[Date "1980.??.??"]
[Round "?.2"]
[White "Saacke, B."]
[Black "Huisl, W."]
[Result "1-0"]
[WhiteElo "2355"]
[BlackElo "2350"]
[PlyCount "90"]
[EventDate "1980.??.??"]

1. d4 f5 2. g3 Nf6 3. Bg2 e6 4. Nh3 Bb4+ 5. c3 Be7 6. O-O O-O 7. Nd2 d5 8. Nf4
c6 9. Nf3 Qe8 10. c4 Ne4 11. Qb3 Kh8 12. h4 Bf6 13. Be3 Nd7 14. Qc2 g6 15. Nd3
Bg7 16. Bf4 h6 17. Nfe5 g5 18. hxg5 hxg5 19. Nxd7 Bxd7 20. Be5 Bxe5 21. Nxe5
Kg7 22. e3 Rh8 23. Qe2 Rd8 24. Bxe4 dxe4 25. Kg2 Qh5 26. Qxh5 Rxh5 27. Rh1 Be8
28. b4 Bg6 29. a4 Rdh8 30. Rxh5 Bxh5 31. b5 c5 32. g4 Bxg4 33. dxc5 Bf3+ 34.
Nxf3 exf3+ 35. Kxf3 Kf6 36. Rd1 Ke7 37. a5 Rc8 38. Rh1 Rxc5 39. Rh7+ Kd6 40.
Rxb7 Rxc4 41. Rxa7 Ra4 42. a6 Kc5 43. Rb7 Ra2 44. a7 e5 45. b6 g4+ {ZÜ} 1-0

[Event "BL 8081 Hofheim-Bayern"]
[Site "?"]
[Date "1980.??.??"]
[Round "?.3"]
[White "Berry, S."]
[Black "Klundt, K."]
[Result "0-1"]
[WhiteElo "2245"]
[BlackElo "2405"]
[PlyCount "62"]
[EventDate "1980.??.??"]

1. e4 c5 2. Nf3 Nc6 3. Bb5 g6 4. O-O Bg7 5. Re1 e5 6. Bxc6 dxc6 7. d3 Qe7 8.
Nbd2 Nh6 9. b4 cxb4 10. a3 c5 11. axb4 cxb4 12. Nc4 Be6 13. Nb6 Rd8 14. Rxa7
Qc7 15. Be3 Ng4 16. Na8 Qc6 17. Bb6 Rc8 18. d4 exd4 19. Nxd4 Bxd4 20. Bxd4 O-O
21. Nb6 Rcd8 22. Ra5 Qd6 23. Nd5 Qxh2+ 24. Kf1 Bxd5 25. Rxd5 Qh1+ 26. Ke2 Qxg2
27. Qd3 Rxd5 28. exd5 Qxd5 29. Rg1 Ne5 30. Qe3 Qc4+ 31. Kd1 Nf3 0-1

[Event "BL 8081 Bamberg-Hofheim"]
[Site "?"]
[Date "1980.??.??"]
[Round "?.1"]
[White "Podzielny, K."]
[Black "Huisl, W."]
[Result "1-0"]
[WhiteElo "2385"]
[BlackElo "2350"]
[PlyCount "95"]
[EventDate "1980.??.??"]

1. d4 f5 2. Nf3 Nf6 3. Bg5 e6 4. Nbd2 d5 5. e3 Bd6 6. c4 c6 7. Ne5 Nbd7 8. Nd3
O-O 9. Qb3 Qa5 10. Qc3 Qxc3 11. bxc3 e5 12. Bxf6 Rxf6 13. cxd5 cxd5 14. g3 e4
15. Nf4 Nb6 16. a4 a5 17. Bb5 Bxf4 18. gxf4 Bd7 19. Bxd7 Nxd7 20. Ke2 Rc8 21.
Rhc1 Nb6 22. Ra3 Nc4 23. Rb3 b6 24. Rb5 Rd6 25. Rb3 Kf7 26. Rcb1 Nxd2 27. Kxd2
Rcc6 28. Rb5 Ke7 29. h4 h5 30. Kc2 g6 31. Kb2 Ke6 32. Rg1 Kd7 33. Rc1 Kc7 34.
c4 Rxc4 35. Rxc4+ dxc4 36. Kc3 Rc6 37. d5 Rc5 38. d6+ Kd7 39. Rxb6 Rd5 40. Kxc4
Rd2 41. Kc5 Rxf2 42. Kd5 Rd2+ 43. Ke5 Rd3 44. Rb7+ Kc6 45. Rc7+ Kb6 46. Rc1
Rxe3 47. d7 Rd3 48. Ke6 1-0

[Event "BL 8081 Bamberg-Hofheim"]
[Site "?"]
[Date "1980.??.??"]
[Round "?.2"]
[White "Berry, S."]
[Black "Kestler, H."]
[Result "1/2-1/2"]
[WhiteElo "2245"]
[BlackElo "2385"]
[PlyCount "69"]
[EventDate "1980.??.??"]

1. e4 d6 2. d4 Nf6 3. Nc3 g6 4. g3 Bg7 5. Bg2 O-O 6. Nge2 Nbd7 7. O-O e5 8. h3
Re8 9. Be3 exd4 10. Bxd4 Qe7 11. g4 Nc5 12. Ng3 Ne6 13. Be3 Nd7 14. Qd2 Ne5 15.
b3 Qf6 16. Nd5 Nf3+ 17. Bxf3 Qxf3 18. Qd1 Qxd1 19. Raxd1 c6 20. Nb4 a5 21. Nd3
a4 22. Nc1 axb3 23. axb3 Bf8 24. Rfe1 d5 25. exd5 cxd5 26. Nce2 Ra5 27. Kg2 Bd7
28. c3 Rc8 29. f3 Bc6 30. Nd4 Bd7 31. Nxe6 fxe6 32. Bd4 Ra3 33. b4 Ba4 34. Rd2
Bh6 35. Rde2 1/2-1/2

[Event "BL 8081 Bayern-Frankfurt"]
[Site "?"]
[Date "1980.??.??"]
[Round "?.1"]
[White "Westermeier, A."]
[Black "Soos, B."]
[Result "1/2-1/2"]
[WhiteElo "2305"]
[BlackElo "2420"]
[PlyCount "32"]
[EventDate "1980.??.??"]

1. e4 c5 2. Nf3 e6 3. d4 cxd4 4. Nxd4 Nf6 5. Nc3 d6 6. Be3 Be7 7. f4 O-O 8. Be2
Nc6 9. Qd2 e5 10. Nb3 exf4 11. Bxf4 Be6 12. O-O-O Ne5 13. Nd4 Qa5 14. Nf5 Bxf5
15. exf5 Rfe8 16. Kb1 Rac8 1/2-1/2

[Event "BL 8081 Bayern-Frankfurt"]
[Site "?"]
[Date "1980.??.??"]
[Round "?.2"]
[White "Hess, R."]
[Black "Saacke, B."]
[Result "1/2-1/2"]
[WhiteElo "2425"]
[BlackElo "2355"]
[PlyCount "37"]
[EventDate "1980.??.??"]

1. d4 d5 2. c4 e6 3. Nc3 Be7 4. Nf3 Nf6 5. Bg5 O-O 6. e3 h6 7. Bh4 b6 8. Qb3
Bb7 9. Rd1 Nc6 10. cxd5 Na5 11. Qa4 Nxd5 12. Bg3 Nxc3 13. bxc3 Qe8 14. Bb5 c6
15. Bd3 c5 16. Bb5 Bc6 17. Bxc6 Qxc6 18. Qxc6 Nxc6 19. Ke2 1/2-1/2

[Event "BL 8081 Bayern-Frankfurt"]
[Site "?"]
[Date "1980.??.??"]
[Round "?.3"]
[White "Klundt, K."]
[Black "Staller, P."]
[Result "1/2-1/2"]
[WhiteElo "2405"]
[BlackElo "2355"]
[PlyCount "101"]
[EventDate "1980.??.??"]

1. e4 e5 2. Nf3 Nc6 3. Bb5 a6 4. Ba4 d6 5. O-O Bd7 6. c3 Nf6 7. Re1 g6 8. d4
Qe7 9. Nbd2 Bg7 10. Bc2 O-O 11. Nc4 h6 12. dxe5 Nxe5 13. Nfxe5 dxe5 14. b3 Rfd8
15. Ba3 Qe8 16. Qf3 Bb5 17. Ne3 Bc6 18. c4 Nh7 19. Nd5 Ng5 20. Qg3 Ne6 21. Bb2
f6 22. b4 Qf7 23. Bb3 Kh7 24. c5 Re8 25. h4 h5 26. Rad1 Qf8 27. Qf3 Rad8 28.
Rd2 a5 29. a3 axb4 30. axb4 b6 31. cxb6 cxb6 32. Red1 Bxd5 33. Rxd5 Nf4 34.
Rxd8 Rxd8 35. g3 Rxd1+ 36. Qxd1 Qxb4 37. gxf4 Qxe4 38. fxe5 fxe5 39. Qd5 Qb1+
40. Qd1 Qxb2 41. Bc2 e4 42. Bxe4 Qe5 43. Qd3 Qf6 44. Kg2 Bf8 45. Qd5 Kg7 46.
Qc6 Bd6 47. Qxb6 Qxh4 48. Qd4+ Qf6 49. Qxf6+ Kxf6 50. Kh3 Kg5 51. f3 1/2-1/2

[Event "BL 8081 Bayern-Frankfurt"]
[Site "?"]
[Date "1980.??.??"]
[Round "?.4"]
[White "Fahnenschmidt, G."]
[Black "Kindermann, S."]
[Result "1/2-1/2"]
[WhiteElo "2360"]
[BlackElo "2455"]
[PlyCount "41"]
[EventDate "1980.??.??"]

1. c4 g6 2. e4 Bg7 3. d4 d6 4. Nc3 Nf6 5. f3 O-O 6. Be3 e5 7. d5 c6 8. Bd3 b5
9. Nge2 bxc4 10. Bxc4 c5 11. O-O Nfd7 12. Rb1 Nb6 13. Bd3 c4 14. Bc2 Na6 15.
Qd2 Bd7 16. b4 cxb3 17. Bxb3 Nc5 18. Nc1 Bc8 19. Rd1 Ba6 20. Qb2 Rc8 21. N1e2
1/2-1/2

[Event "BL 8081 Bayern-Frankfurt"]
[Site "?"]
[Date "1980.??.??"]
[Round "?.5"]
[White "Schubert, C."]
[Black "Bialas, W."]
[Result "1-0"]
[WhiteElo "2245"]
[BlackElo "2365"]
[PlyCount "163"]
[EventDate "1980.??.??"]

1. e4 c5 2. Nf3 Nc6 3. Bb5 e5 4. O-O d6 5. c3 Bd7 6. d4 Be7 7. dxc5 dxc5 8. Qe2
Qc7 9. Bxc6 Bxc6 10. c4 Nf6 11. Nc3 O-O 12. Bg5 Rfe8 13. Rfd1 h6 14. Bxf6 Bxf6
15. Nd5 Bxd5 16. Rxd5 Rad8 17. Rad1 Rxd5 18. Rxd5 Rd8 19. b3 Rxd5 20. exd5 g6
21. g3 Bg7 22. Qd3 Qd7 23. Nd2 f5 24. f3 h5 25. Kg2 b6 26. a3 Bf8 27. Qe3 Qd6
28. Nb1 Kh7 29. Nc3 a6 30. Nd1 Bh6 31. Qe2 Bc1 32. Nf2 Bg5 33. Nd3 Bf6 34. Qe3
a5 35. Nf2 Be7 36. Nd1 Qf6 37. Nc3 Bd6 38. Nb5 Kg7 39. Qc3 Kf7 40. Qb2 Qe7 41.
Qe2 Qf6 42. Qe3 Kg7 43. Qf2 Qe7 44. Qb2 Kf7 45. Qc2 Qf6 46. Qb1 Qe7 47. Qe1 Qf6
48. Qe3 Kg7 49. Qe2 Kf7 50. Qc2 Qe7 51. Qd3 Kg7 52. Qe3 Qf6 53. b4 axb4 54.
axb4 Qe7 55. Nxd6 Qxd6 56. bxc5 bxc5 57. Qc3 Kf7 58. Qb2 e4 59. fxe4 fxe4 60.
Qf2+ Ke8 61. Qf4 Qe7 62. Kf2 Kd7 63. Ke3 Qg7 64. Qxe4 Qc3+ 65. Kf2 Qf6+ 66. Kg2
g5 67. Qh7+ Kd6 68. Qxh5 Qb2+ 69. Kh3 Qf2 70. Qg6+ Kc7 71. Qe4 Kd7 72. Kg4 Qd2
73. Qe6+ Kd8 74. Qf6+ Kd7 75. Qf5+ Kc7 76. Qe4 Kd7 77. h3 Kd8 78. Qe5 Kd7 79.
Kh5 Qd3 80. Qe6+ Kd8 81. Qd6+ Ke8 82. Qg6+ 1-0

[Event "BL 8081 HSK-Markth'feld"]
[Site "?"]
[Date "1980.??.??"]
[Round "?.1"]
[White "Chandler, M."]
[Black "Goehring, K."]
[Result "1-0"]
[WhiteElo "2455"]
[BlackElo "2285"]
[PlyCount "85"]
[EventDate "1980.??.??"]

1. d4 Nf6 2. c4 e6 3. Nc3 Bb4 4. e3 b6 5. Nge2 Ba6 6. a3 Bxc3+ 7. Nxc3 d5 8.
Qf3 O-O 9. cxd5 exd5 10. Bxa6 Nxa6 11. Qe2 Qc8 12. O-O Re8 13. Bd2 c6 14. f3 c5
15. Rac1 Qb7 16. Nb5 Re6 17. b3 Rc8 18. Bc3 Nb8 19. dxc5 bxc5 20. Bxf6 Rxf6 21.
Rfd1 Re6 22. Nc3 d4 23. Ne4 Qxb3 24. exd4 c4 25. d5 Ree8 26. Qf2 Qxa3 27. Ra1
Qb4 28. d6 c3 29. d7 Nxd7 30. Rxd7 c2 31. Rc1 Qb2 32. Qd2 a5 33. Nd6 Re2 34.
Qf4 Rf8 35. Rxf7 Rd8 36. Rb7 Qc3 37. h3 Re1+ 38. Rxe1 Qxe1+ 39. Kh2 Qc3 40.
Qf7+ Kh8 41. Rd7 Rb8 42. Ne4 Qb2 43. Re7 {ZÜ} 1-0

[Event "BL 8081 HSK-Markth'feld"]
[Site "?"]
[Date "1980.??.??"]
[Round "?.2"]
[White "Meinberger, L."]
[Black "Kunsztowicz, U."]
[Result "1-0"]
[WhiteElo "2230"]
[BlackElo "2460"]
[PlyCount "69"]
[EventDate "1980.??.??"]

1. e4 c5 2. d3 Nc6 3. g3 d5 4. Nd2 Nf6 5. Ngf3 Bg4 6. h3 Bh5 7. Bg2 e6 8. O-O
Be7 9. c3 Qc7 10. a3 O-O 11. Qe1 Rfe8 12. b4 cxb4 13. axb4 d4 14. g4 dxc3 15.
Nc4 Bg6 16. b5 Nb4 17. Qxc3 Red8 18. Nfe5 Bc5 19. Bf4 Qe7 20. Rab1 a5 21. bxa6
Rxa6 22. Be3 b6 23. d4 Na2 24. Qb2 Bb4 25. Nc6 Qc7 26. Nxb4 Nxb4 27. Qxb4 Bxe4
28. Bxe4 Nxe4 29. Rfc1 Qb7 30. Na5 Qd7 31. Nc6 Rda8 32. Qe7 Qd5 33. Nb4 Qb5 34.
Nxa6 Qe2 35. Qb7 1-0

[Event "BL 8081 FH Hamburg-Erlangen"]
[Site "?"]
[Date "1980.??.??"]
[Round "?.1"]
[White "Wockenfuss, K."]
[Black "Feustel, B."]
[Result "1/2-1/2"]
[WhiteElo "2380"]
[BlackElo "2355"]
[PlyCount "80"]
[EventDate "1980.??.??"]

1. e4 g6 2. d4 Bg7 3. Nc3 d6 4. f4 Nd7 5. Nf3 c5 6. Be3 b6 7. Bc4 Nh6 8. Qd2
O-O 9. d5 b5 10. Bxb5 Rb8 11. Bxd7 Bxd7 12. Nd1 Rb4 13. e5 Ng4 14. O-O Bb5 15.
Re1 Bh6 16. c3 Re4 17. Nf2 Nxf2 18. Kxf2 Qc8 19. Qc2 Qa6 20. b3 Bd3 21. Qd2 c4
22. g3 Rd8 23. Rad1 dxe5 24. Nxe5 Rxd5 25. bxc4 Bxc4 26. Qc2 Rxd1 27. Rxd1 Qxa2
28. Qxa2 Bxa2 29. Bxa7 Ra4 30. Rd8+ Kg7 31. Bd4 f6 32. Ng4 Be6 33. Nxh6 Kxh6
34. Re8 Ra2+ 35. Ke1 Ra1+ 36. Kd2 Ra2+ 37. Ke1 Ra1+ 38. Kd2 Ra2+ 39. Ke3 Bc4
40. Bc5 e6 1/2-1/2

[Event "BL 8081 FH Hamburg-Erlangen"]
[Site "?"]
[Date "1980.??.??"]
[Round "?.2"]
[White "Heidrich, M."]
[Black "Dankert, P."]
[Result "0-1"]
[WhiteElo "2230"]
[BlackElo "2365"]
[PlyCount "54"]
[EventDate "1980.??.??"]

1. e4 c6 2. d4 d5 3. Nd2 dxe4 4. Nxe4 Nf6 5. Nxf6+ gxf6 6. c3 Bf5 7. Ne2 e6 8.
Ng3 Bg6 9. h4 h6 10. h5 Bh7 11. Bf4 Nd7 12. Qd2 Qb6 13. O-O-O Qa5 14. Bc4 O-O-O
15. Bb3 Nc5 16. Bc4 b5 17. Qe3 Qa4 18. Rd2 bxc4 19. dxc5 Rd3 20. Qe2 Qxa2 21.
Ne4 Bxc5 22. Rxd3 cxd3 23. Qxd3 Qa1+ 24. Kd2 Qxb2+ 25. Ke1 Bxe4 26. Qxe4 Qxf2+
27. Kd1 Rd8+ 0-1